|
|
|
|
| LEADER |
01310nam a2200349Ia 4500 |
| 001 |
EBC501335 |
| 003 |
MiAaPQ |
| 005 |
20200520144314.0 |
| 006 |
m o d | |
| 007 |
cr cn||||||||| |
| 008 |
090925s2010 nyua s 001 0 eng d |
| 010 |
|
|
|z 2009040255
|
| 020 |
|
|
|z 9780521114240 (hardback)
|
| 035 |
|
|
|a (MiAaPQ)EBC501335
|
| 035 |
|
|
|a (Au-PeEL)EBL501335
|
| 035 |
|
|
|a (CaPaEBR)ebr10382892
|
| 035 |
|
|
|a (OCoLC)609860344
|
| 040 |
|
|
|a MiAaPQ
|c MiAaPQ
|d MiAaPQ
|
| 050 |
|
4 |
|a HD61
|b .A528 2010
|
| 082 |
0 |
4 |
|a 658.15/5
|2 22
|
| 100 |
1 |
|
|a Andersen, Torben Juul.
|
| 245 |
1 |
0 |
|a Strategic risk management practice
|h [electronic resource] :
|b how to deal effectively with major corporate exposures /
|c Torben Juul Andersen and Peter Winther Schrder.
|
| 260 |
|
|
|a New York :
|b Cambridge University Press,
|c 2010.
|
| 300 |
|
|
|a xxi, 245 p. :
|b ill.
|
| 500 |
|
|
|a Includes index.
|
| 533 |
|
|
|a Electronic reproduction. Ann Arbor, MI : ProQuest, 2015. Available via World Wide Web. Access may be limited to ProQuest affiliated libraries.
|
| 650 |
|
0 |
|a Risk management.
|
| 650 |
|
0 |
|a Strategic planning.
|
| 655 |
|
4 |
|a Electronic books.
|
| 700 |
1 |
|
|a Schrder, Peter Winther.
|
| 710 |
2 |
|
|a ProQuest (Firm)
|
| 856 |
4 |
0 |
|u https://ebookcentral.proquest.com/lib/matrademy/detail.action?docID=501335
|z Click to View
|